Statystyki dla ZWIERZĘTA na literę T

Kliknij tutaj aby rozwiązać quiz!

Ogólne statystyki

  • Ten quiz został rozwiązany 57 razy
  • Średni wynik to 5 z 12

Statystyki odpowiedzi

Odpowiedź% Poprawnych
Tygrys bengalski
98%
Tukan wielki
90%
Tapir czaprakowy
71%
Traszka grzebieniasta
58%
Tchórz zwyczajny
52%
Tuńczyk żółtopłetwy
48%
Turkawka zwyczajna
42%
Troć wędrowna
35%
Takin złoty
15%
Turbot
15%
Tenrek pręgowany
13%
Trzmielojad zwyczajny
10%

Rozkład punktacji

Percentyl według liczby udzielonych odpowiedzi

Procent ludzi z każdym wynikiem

Twoja historia wyników

Nie rozwiązałeś tego quizu